|
|
|
|
| LEADER |
00000nas a2200000 a 4500 |
| 001 |
ssj0002294 |
| 003 |
WaSeSS |
| 005 |
20200512172242.0 |
| 006 |
m d |
| 007 |
cr n |
| 008 |
021219c19629999wauqr pssg 0 a0eng c |
| 010 |
|
|
|a 2004255333
|
| 022 |
|
|
|a 1942-9983
|l 0043-0617
|y 0043-0617
|
| 035 |
|
|
|a (WaSeSS)ssj0002294
|
| 040 |
|
|
|a FJM
|b eng
|c FJM
|d OCLCQ
|d ZCU
|d DLC
|d OCLCQ
|d WAU
|d OCLCA
|d OCLCQ
|d OCLCF
|d OCLCA
|d VT2
|d OCLCO
|d OCLCQ
|d OCLCO
|d OCL
|d UUM
|d WaSeSS
|
| 042 |
|
|
|a pcc
|a nsdp
|
| 043 |
|
|
|a n-us-wa
|
| 050 |
1 |
4 |
|a K27
|
| 082 |
1 |
0 |
|a 349
|2 14
|
| 130 |
0 |
|
|a Washington law review (Seattle, Wash. : 1962 : Online)
|
| 222 |
|
0 |
|a Washington law review
|b (Seattle, Wash. 1962. Online)
|
| 245 |
1 |
0 |
|a Washington law review
|h [electronic resource].
|
| 246 |
1 |
|
|i Vols. for Apr. 1966-June 1967 have title:
|a University of Washington law review
|
| 260 |
|
|
|a Seattle, Wash. :
|b Washington Law Review Association,
|c ©1962-
|
| 310 |
|
|
|a Quarterly
|
| 362 |
0 |
|
|a Vol. 37, no. 1 (spring 1962)-
|
| 500 |
|
|
|a Title from title screen (Hein Online, viewed July 29, 2004).
|
| 506 |
|
|
|a License restrictions may limit access.
|
| 538 |
|
|
|a Mode of access: World Wide Web.
|
| 550 |
|
|
|a Published also by: the students of the School of Law, University of Washington, 1965-
|
| 555 |
|
|
|a Vols. 1 (1925)-50 (1974/75). 1 v. (Includes index to the journal under its earlier and later titles).
|
| 650 |
|
0 |
|a Law
|v Periodicals.
|
| 650 |
|
0 |
|a Law reviews
|z Washington (State)
|
| 650 |
|
7 |
|a Law.
|2 fast
|0 (OCoLC)fst00993678
|
| 650 |
|
7 |
|a Law reviews.
|2 fast
|0 (OCoLC)fst00994120
|
| 651 |
|
7 |
|a Washington (State)
|2 fast
|0 (OCoLC)fst01204703
|
| 655 |
|
0 |
|a Electronic journals.
|
| 710 |
2 |
|
|a Washington Law Review Association.
|
| 710 |
2 |
|
|a University of Washington.
|b School of Law.
|
| 776 |
1 |
|
|t Washington law review (Seattle, Wash. : 1962)
|x 0043-0617
|w (DLC) 96660606
|w (OCoLC)3899779
|
| 780 |
0 |
0 |
|t Washington law review and state bar journal (Online)
|w (DLC) 2004255334
|w (OCoLC)51254386
|
| 856 |
4 |
0 |
|z Full text available from Research Library: 02/01/2006 to 3 months ago
|u https://search.proquest.com/publication/3296
|